000 03461cam a22012374i 4500
003 PE-LiUPU
005 20250813185352.0
008 170530s2015 ck r 000 0 spa d
020 _a9789588713809
020 _a9588713803
035 _a(Sirsi) a204159
040 _aPE-LiUPU
_bspa
_cPE-LiUPU
_erda
082 0 4 _a370.7
_bU77
_219
100 1 _aUribe Castro, Hernando
_eautor.
245 1 4 _aUna experiencia de investigación acción educativa :
_breflexiones desde el aula /
_cCarmen Jimena Holguín, Uribe Castro, Hernando [y otros 3].
264 1 _aSantiago de Cali :
_bUniversidad Autónoma de Occidente,
_c2015.
300 _a139 páginas :
_bilustraciones, gráficas ;
_c234cm.
336 _atext
_2rdacontent
337 _aunmediated
_2rdamedia
338 _avolume
_2rdacarrier
504 _aBibliografía : páginas 134-139.
505 0 _aLa influencia de los medios de comunicación y las preocupaciones que orientaron el ejercicio de investigación Acción Educativa -- Sociología y medios de comunicación -- ¿Cómo describir una experiencia investigativa en el aula? -- El resultado: experiencia de investigación Acción Educativa en el aula -- Disquisiciones en torno a la democracia y los medios de comunicación en Colombia -- A modo de reflexiones finales.
526 _aP202
526 _aP201
526 _aP163
526 _aP162
526 _aP161
526 _aP160
526 _aP148
526 _aP147
526 _aP146
526 _aP145
526 _aP144
526 _aP143
526 _aP142
526 _aP141
526 _aP140
526 _aP139
526 _aP138
526 _aP137
526 _aP136
526 _aP135
526 _aP134
526 _aP133
526 _aP129
526 _aP128
526 _aP127
526 _aP120
526 _aP119
526 _aP118
526 _aP116
526 _aP115
526 _aP114
526 _aP110
526 _aP109
526 _aP108
526 _aP104
526 _aP103
526 _aP102
526 _aP99
526 _aP98
526 _aP97
526 _aP96
526 _aP95
526 _aP93
526 _aP90
526 _aP89
526 _aP88
526 _aP83
526 _aP82
526 _aP62
526 _aP59
526 _aP58
526 _aP57
526 _aP51
526 _aP49
526 _aP48
526 _aP47
526 _aP29
526 _aP24
526 _aP20
526 _aP19
526 _aP17
526 _aP15
526 _aP14
526 _aP12
526 _aP10
526 _aP09
526 _aP08
526 _aP07
526 _aP06
526 _aP05
526 _aP04
526 _aP01
541 _g001-003362;
650 1 4 _aInvestigación educativa.
650 1 4 _aInvestigación acción en educación.
650 2 4 _aMetodología de la investigación.
650 2 4 _aSociología de la educación.
_91088
650 2 4 _aMedios de comunicación de masas en educación.
700 1 _aHolguín, Carmen Jimena,
_eeditora.
910 _aebj
_bebj
_cjck
_d20170530
596 _a1
942 _2ddc
_cBOOK
999 _a370.7 U77
_wDEWEY
_c20534
_i75964
_f2021-11-8
_g4
_lCCODEBUL1
_mBUL
_p21.32
_r0
_sY
_tBOOK
_u2017-5-30
_xEDUCACION
_PP20
_0COMPRA
_o.STAFF. Colección Ciencias Humanas y Educación
_d20534
980 _81
_gALBERTO SANCHEZ Responsable de Automatización